| 000 | 01372cam a22003013 4500 | ||
|---|---|---|---|
| 999 |
_c8248 _d8248 |
||
| 001 | 14692457 | ||
| 003 | GBCCL | ||
| 005 | 20241126110646.0 | ||
| 008 | 070110t19371936ohuab d 000 0 eng | ||
| 010 | _a 96847603 | ||
| 040 |
_aDLC _cDLC |
||
| 050 | 0 | 0 |
_aPE1625 _b.W3 1937b |
| 082 |
_a423 _bWEB |
||
| 100 | 1 |
_aWebster, Noah, _d1758-1843. _914351 |
|
| 245 | 1 | 0 |
_aWebster's universal dictionary of the English language; _bwith a comprehensive addendum of newest words _ccompiled by Joseph Devlin; being the unabridged dictionary by Noah Webster, LL. D. Edited under the supervision of Thomas H. Russell, A.C. Bean, and L.B. Vaughn and a staff of eminent scholars, educators, and specialists. |
| 260 |
_aCleveland, _bWorld Syndicate, _c1937, c1936. |
||
| 300 |
_a2 v. _billus., maps. _c29 cm. |
||
| 500 | _a"This dictionary is not published by the original publishers of Webster's dictionary or by their successors." | ||
| 650 | 0 |
_aEnglish language _vDictionaries. _913776 |
|
| 700 | 1 |
_aRussell, Thomas Herbert, _d1862-1947, _eed. _914352 |
|
| 700 | 1 |
_aBean, Albert C., [from old catalog] _ejoint ed. _914353 |
|
| 700 | 1 |
_aVaughn, L. Brent, _d1873- [from old catalog] _ejoint ed. _914354 |
|
| 700 | 1 |
_aDevlin, Joseph. _914355 |
|
| 906 |
_a0 _bcbc _cpremver _du _encip _f19 _gy-gencatlg |
||
| 942 |
_2ddc _cREF |
||